Χώρες της Ευρώπης το 1914 - Statistics

General Stats
  • This quiz has been taken 8 times
  • The average score is 24 of 25
Answers on the Map
Answers color-coded by a green-red scale on the quiz's map according to % correct below.
 
Answer Stats
Χώρες % Correct
Αλβανία
100%
Ανδόρρα
100%
Αυστρία-Ουγγαρία
100%
Βέλγιο
100%
Βουλγαρία
100%
Γαλλία
100%
Γερμανία
100%
Δανία
100%
Ελβετία
100%
Ελλάδα
100%
Ηνωμένο Βασίλειο
100%
Ισπανία
100%
Ιταλία
100%
Λίχτενσταϊν
100%
Μονακό
100%
Νορβηγία
100%
Ολλανδία
100%
Πορτογαλία
100%
Ρουμανία
100%
Σερβία
100%
Σουηδία
100%
Άγιος Μαρίνος
88%
Λουξεμβούργο
88%
Ρωσία
88%
Μαυροβούνιο
75%
No matching quizzes found
Score Distribution
Percent of People with Each Score
Percentile by Number Answered
Your Score History
You have not taken this quiz